| 000 | 00937cam a2200289 a 4500 | ||
|---|---|---|---|
| 001 | 2406117 | ||
| 003 | ARRUPE | ||
| 005 | 20150106140955.0 | ||
| 008 | 860808s1987 nyu b 001 0 eng | ||
| 010 | _a 86021671 | ||
| 020 | _a088344416X (pbk.) | ||
| 040 |
_aDLC _cDLC _dDLC |
||
| 041 | 1 | _aengpor | |
| 050 | 0 | 0 |
_aBT83.57 _b.B59513 1987 |
| 082 | 0 | 0 |
_a230/.01/8 _219 |
| 100 | 1 |
_aBoff, Clodovis. _913527 |
|
| 240 | 1 | 0 |
_aTeologia e prĂ¡tica. _lEnglish |
| 245 | 1 | 0 |
_aTheology and praxis : _bepistemological foundations / _cClodovis Boff ; translated from the Portuguese by Robert R. Barr. |
| 260 |
_aMaryknoll, N.Y. : _bOrbis Books, _cc1987. |
||
| 300 |
_axxx, 379 p. ; _c23 cm. |
||
| 500 | _aTranslation of: Teologia e prĂ¡tica. | ||
| 500 | _aIncludes index. | ||
| 504 | _aBibliography: p. 337-370. | ||
| 650 | 0 |
_aLiberation theology. _913528 |
|
| 906 |
_a7 _bcbc _corignew _d1 _eocip _f19 _gy-gencatlg |
||
| 942 |
_2lcc _cMONOGRAPH |
||
| 999 |
_c121534 _d121534 |
||